[Event "Cocentaina op 11th"]
[Site "Cocentaina"]
[Date "2020.10.25"]
[Round "5"]
[White "Granero Roca, Antonio"]
[Black "Lopez Shchukina, Diego"]
[Result "1/2-1/2"]
[WhiteElo "2375"]
[BlackElo "1792"]
[PlyCount "86"]
[EventDate "2020.10.25"]
[EventType "tourn (blitz)"]
[EventRounds "9"]
[EventCountry "ESP"]
[SourceTitle "EXT 2024"]
[Source "ChessBase"]
[SourceDate "2023.10.10"]
[SourceVersion "1"]
[SourceVersionDate "2023.10.10"]
[SourceQuality "1"]

1. Nf3 Nf6 2. g3 d5 3. Bg2 e6 4. 0-0 Be7 5. d4 0-0 6. c4 Ne4 7. Nc3 c6 8. Qc2 f5 9. Bf4 Nd7 10. Ne5 g5 11. Nxd7 Bxd7 12. Be5 Bf6 13. f3 Bxe5 14. dxe5 Qb6+ 15. e3 Qxe3+ 16. Kh1 Nxc3 17. Rae1 Qd4 18. bxc3 Qxc4 19. Qd2 f4 20. Rb1 b6 21. Rb4 Qc5 22. gxf4 Rf5 23. Bh3 Rxf4 24. Rxf4 gxf4 25. Qxf4 Qe7 26. Rg1+ Kh8 27. Qg3 Rf8 28. Bg4 Be8 29. Qh3 Bd7 30. Rg3 Qf7 31. Bh5 Qf4 32. Bg6 h6 33. Bd3 Qc1+ 34. Rg1 Qf4 35. Be2 Be8 36. Qxe6 Bh5 37. Qe7 Bxf3+ 38. Bxf3 Qxf3+ 39. Rg2 Qf1+ 40. Rg1 Qf3+ 41. Rg2 Qf1+ 42. Rg1 Qf3+ 43. Rg2 Qf1+ 1/2-1/2

[Event "Cocentaina op 11th"]
[Site "Cocentaina"]
[Date "2020.10.25"]
[Round "1.2"]
[White "Lopez Shchukina, Diego"]
[Black "Follana Albelda, Lucia"]
[Result "1/2-1/2"]
[WhiteElo "1792"]
[BlackElo "1634"]
[PlyCount "75"]
[EventDate "2020.10.25"]
[EventType "tourn (blitz)"]
[EventRounds "9"]
[EventCountry "ESP"]
[SourceTitle "EXT 2024"]
[Source "ChessBase"]
[SourceDate "2023.10.10"]
[SourceVersion "1"]
[SourceVersionDate "2023.10.10"]
[SourceQuality "1"]

1. d4 g6 2. Nf3 Bg7 3. c4 Nf6 4. g3 0-0 5. Bg2 d5 6. 0-0 c5 7. cxd5 Nxd5 8. e4 Nf6 9. e5 Nd5 10. Nc3 Nxc3 11. bxc3 Qa5 12. Bd2 Nc6 13. Re1 Rd8 14. c4 Qc7 15. d5 Nxe5 16. Bc3 Nxc4 17. Bxg7 Kxg7 18. Qb3 Nb6 19. Rac1 c4 20. Qe3 e6 21. dxe6 Bxe6 22. Qe5+ Qxe5 23. Nxe5 Rac8 24. Bxb7 Rc7 25. Ba6 c3 26. Re3 c2 27. Bd3 Bxa2 28. Rxc2 Rxc2 29. Bxc2 Be6 30. Nc6 Rd7 31. Ra3 Rc7 32. Be4 Bd5 33. Bxd5 Nxd5 34. Nxa7 h5 35. Nb5 Rc1+ 36. Kg2 Nc7 37. Nxc7 Rxc7 38. h4 1/2-1/2

[Event "Cocentaina op 11th"]
[Site "Cocentaina"]
[Date "2020.10.25"]
[Round "3"]
[White "Lopez Shchukina, Diego"]
[Black "Uribe, Jhonny Alberto"]
[Result "0-1"]
[WhiteElo "1792"]
[BlackElo "2224"]
[PlyCount "101"]
[EventDate "2020.10.25"]
[EventType "tourn (blitz)"]
[EventRounds "9"]
[EventCountry "ESP"]
[SourceTitle "EXT 2024"]
[Source "ChessBase"]
[SourceDate "2023.10.10"]
[SourceVersion "1"]
[SourceVersionDate "2023.10.10"]
[SourceQuality "1"]

1. d4 Nf6 2. Nf3 e6 3. g3 b6 4. Bg2 Bb7 5. 0-0 Be7 6. b3 0-0 7. Bb2 c5 8. c4 cxd4 9. Nxd4 Bxg2 10. Kxg2 a6 11. Qd3 Qc7 12. Nc3 d6 13. Rac1 Nbd7 14. Rfd1 Rac8 15. Ba3 Ne5 16. Qe3 Qb7+ 17. Nf3 Nfg4 18. Qe4 d5 19. cxd5 Bxa3 20. Nxe5 Nxe5 21. Qxe5 Bxc1 22. Rxc1 exd5 23. Rd1 d4+ 24. Qd5 Qxd5+ 25. Nxd5 Rc2 26. Rxd4 Rxe2 27. a4 b5 28. Nc7 bxa4 29. Rxa4 h6 30. Nxa6 Rb2 31. Nc5 Rc8 32. Rc4 Rxb3 33. Rc1 Rb5 34. Nd3 Rxc1 35. Nxc1 f5 36. h4 Kf7 37. Nd3 Kf6 38. Nf4 g5 39. hxg5+ hxg5 40. Nd3 Rd5 41. Nb4 Rd2 42. Kf3 Ke6 43. Ke3 Rb2 44. Nd3 Ra2 45. Kf3 Ra3 46. Ke2 Kd6 47. Kd2 Kd5 48. Ke2 Kd4 49. Nb4 Rb3 50. Nc2+ Ke4 51. Kf1 0-1

[Event "Alcoy Region-ch Preferente"]
[Site "Alcoy"]
[Date "2016.11.19"]
[Round "7"]
[White "Domenech Pont, Juan Hermenegildo"]
[Black "Lopez Shchukina, Diego"]
[Result "1/2-1/2"]
[WhiteElo "1662"]
[BlackElo "1845"]
[PlyCount "96"]
[EventDate "2016.10.01"]
[EventType "swiss"]
[EventRounds "7"]
[EventCountry "ESP"]
[SourceTitle "EXT 2024"]
[Source "ChessBase"]
[SourceDate "2023.10.10"]
[SourceVersion "1"]
[SourceVersionDate "2023.10.10"]
[SourceQuality "1"]

1. d4 d5 2. Nf3 Nf6 3. Bf4 e6 4. e3 Bd6 5. Bg5 h6 6. Bh4 0-0 7. Bd3 c5 8. c3 Nbd7 9. 0-0 Qc7 10. Nbd2 b6 11. Rc1 Bb7 12. Bb1 Rfe8 13. Qc2 Ne4 14. Bg3 f5 15. Rfd1 Re7 16. Bxd6 Qxd6 17. Nf1 c4 18. Qe2 Rf8 19. Nh4 Kh7 20. Qh5 Rf6 21. Ng3 g6 22. Qe2 Bc6 23. Nf3 Nxg3 24. hxg3 b5 25. Kh2 a5 26. Rh1 e5 27. dxe5 Nxe5 28. Nd4 Be8 29. Kg1 Nc6 30. Nf3 d4 31. cxd4 Nxd4 32. Nxd4 Qxd4 33. Qc2 Qb6 34. Rd1 Bc6 35. Rd4 Be4 36. Qc1 Rd6 37. Bxe4 fxe4 38. Qd2 Rxd4 39. exd4 h5 40. Rh4 Qe6 41. Qe3 Kg7 42. g4 hxg4 43. Qh6+ Kf6 44. Qf4+ Qf5 45. Qd6+ Re6 46. Qf8+ Kg5 47. Qh6+ Kf6 48. Qh8+ Kg5 1/2-1/2

[Event "Alcoy Region-ch Preferente"]
[Site "Alcoy"]
[Date "2016.10.22"]
[Round "3"]
[White "Lopez Shchukina, Diego"]
[Black "Cremades Alted, Miguel"]
[Result "1/2-1/2"]
[WhiteElo "1845"]
[BlackElo "1570"]
[PlyCount "83"]
[EventDate "2016.10.01"]
[EventType "swiss"]
[EventRounds "7"]
[EventCountry "ESP"]
[SourceTitle "EXT 2024"]
[Source "ChessBase"]
[SourceDate "2023.10.10"]
[SourceVersion "1"]
[SourceVersionDate "2023.10.10"]
[SourceQuality "1"]

1. d4 d5 2. c4 e6 3. Nc3 b6 4. cxd5 exd5 5. Bf4 Nf6 6. Nf3 Bd6 7. Bxd6 Qxd6 8. e3 0-0 9. Bd3 Bg4 10. 0-0 Re8 11. h3 Bh5 12. Rc1 a6 13. Be2 h6 14. Ne5 Bxe2 15. Nxe2 Nbd7 16. Nxd7 Qxd7 17. Qc2 Rac8 18. Nf4 Ne4 19. Qc6 Red8 20. Rc2 Qd6 21. Rfc1 g5 22. Nd3 Qf8 23. Qb7 c5 24. Ne5 c4 25. Nxc4 Rb8 26. Qc6 Rbc8 27. Qxb6 dxc4 28. Rxc4 Rb8 29. Qxa6 Rxb2 30. Rc6 Ra8 31. Qd3 Nxf2 32. Qf5 Re8 33. Rc8 Kg7 34. Rxe8 Qxe8 35. Rf1 Ne4 36. a4 Qe6 37. Qa5 Nd2 38. Re1 Nf3+ 39. gxf3 Qxh3 40. Qe5+ Kg6 41. Qe4+ Kg7 42. Qe5+ 1/2-1/2

[Event "Alzira-ch Provincial Segunda"]
[Site "Alzira"]
[Date "2014.11.15"]
[Round "6.3"]
[White "Lopez Shchukina, Diego"]
[Black "Mira Barea, Aaron"]
[Result "1-0"]
[WhiteElo "1372"]
[BlackElo "1222"]
[PlyCount "69"]
[EventDate "2014.09.27"]
[EventType "swiss"]
[EventRounds "7"]
[EventCountry "ESP"]
[SourceTitle "EXT 2024"]
[Source "ChessBase"]
[SourceDate "2023.10.10"]
[SourceVersion "1"]
[SourceVersionDate "2023.10.10"]
[SourceQuality "1"]

1. d4 d5 2. c4 c6 3. Nc3 Nf6 4. Bg5 e6 5. e3 Be7 6. Nf3 h6 7. Bf4 Nbd7 8. Bd3 b6 9. 0-0 g6 10. e4 dxe4 11. Nxe4 Nxe4 12. Bxe4 Bb7 13. Rc1 Nf6 14. Bc2 Rc8 15. Ne5 c5 16. Ba4+ Kf8 17. dxc5 Bxc5 18. Nd7+ Nxd7 19. Bxd7 Ra8 20. Bd6+ Bxd6 21. Qxd6+ Qe7 22. Qc7 Rd8 23. Qxb7 Qxd7 24. Qf3 Ke7 25. Rfd1 Qc7 26. Qa3+ Qc5 27. Qxa7+ Kf6 28. h3 Rxd1+ 29. Rxd1 Qxc4 30. Qxb6 Qxa2 31. Qd4+ e5 32. Qb6+ Kg5 33. Qe3+ Kf6 34. Rd6+ Kf5 35. g4# 1-0

[Event "Alzira-ch Provincial Segunda"]
[Site "Alzira"]
[Date "2014.10.25"]
[Round "4.4"]
[White "Lopez Shchukina, Diego"]
[Black "Tormo Talens, Miguel"]
[Result "1/2-1/2"]
[WhiteElo "1372"]
[BlackElo "1301"]
[PlyCount "44"]
[EventDate "2014.09.27"]
[EventType "swiss"]
[EventRounds "7"]
[EventCountry "ESP"]
[SourceTitle "EXT 2024"]
[Source "ChessBase"]
[SourceDate "2023.10.10"]
[SourceVersion "1"]
[SourceVersionDate "2023.10.10"]
[SourceQuality "1"]

1. d4 Nf6 2. c4 e6 3. Nc3 Bb4 4. Bd2 0-0 5. Nf3 Bxc3 6. Bxc3 b6 7. e3 Bb7 8. Bd3 d5 9. 0-0 dxc4 10. Bxc4 Ne4 11. Bb4 Re8 12. Nd2 Qh4 13. Nxe4 Qxe4 14. f3 Qxe3+ 15. Kh1 c5 16. dxc5 bxc5 17. Bc3 Na6 18. Qd7 Rab8 19. Rfe1 Qh6 20. Be5 Red8 21. Qe7 Re8 22. Qd7 Red8 1/2-1/2